[Event "38th Eastman Open 2015"]
[Site "Ghent BEL"]
[Date "2015.07.19"]
[Round "3.1"]
[White "Feller, Sebastien"]
[Black "Verhaeren, Gertjan"]
[Result "1-0"]
[WhiteTitle "GM"]
[WhiteElo "2622"]
[BlackElo "2090"]
[WhiteFideId "634654"]
[BlackFideId "263982"]
[EventDate "2015.07.18"]

1. c4 c5 2. Nf3 Nc6 3. d4 cxd4 4. Nxd4 Nf6 5. g3 e6 6. Bg2 Be7 7. O-O O-O 8. Nc3
a6 9. Bf4 Nxd4 10. Qxd4 d6 11. Qd3 Qc7 12. Rfd1 Rd8 13. Rac1 Nh5 14. Be3 Bd7 15.
Qe4 Bc6 16. Nd5 Qd7 17. Nxe7+ Qxe7 18. Qd3 Bxg2 19. Kxg2 b5 20. Kg1 bxc4 21.
Qxc4 Qb7 22. b3 Rac8 23. Rxd6 1-0

[Event "38th Eastman Open 2015"]
[Site "Ghent BEL"]
[Date "2015.07.19"]
[Round "3.2"]
[White "Oranje, Richard"]
[Black "Sumets, Andrey"]
[Result "0-1"]
[BlackTitle "GM"]
[WhiteElo "2118"]
[BlackElo "2598"]
[WhiteFideId "1013483"]
[BlackFideId "14105500"]
[EventDate "2015.07.18"]

1. e4 c6 2. d4 d5 3. Nc3 dxe4 4. Nxe4 Bf5 5. Ng3 Bg6 6. h4 h6 7. Nf3 Nd7 8. h5
Bh7 9. Bd3 Bxd3 10. Qxd3 e6 11. Be3 Ngf6 12. O-O-O Be7 13. Kb1 O-O 14. c4 b5 15.
cxb5 cxb5 16. Qxb5 Rb8 17. Qd3 Qb6 18. Bc1 Rfc8 19. Rd2 Qb7 20. Rc2 Bd6 21.
Rxc8+ Rxc8 22. Re1 Qd5 23. Ne4 Nxe4 24. Qxe4 Qb5 25. Ne5 Nf6 26. Qf3 Qa4 27. Qd3
Nxh5 28. g4 Bxe5 29. Rxe5 Nf6 30. b3 Qd7 31. g5 hxg5 32. Rxg5 Rd8 33. Bb2 Qc6
34. Rg1 Qd5 35. Qg3 g6 36. Qc7 Rd7 37. Qb8+ Kg7 38. Rc1 Rd8 39. Qc7 Rh8 40. Qc6
Rh2 41. Qxd5 Nxd5 42. Rf1 Kf6 43. Kc1 Kf5 44. Kd2 Ke4 45. a3 g5 46. b4 g4 0-1

[Event "38th Eastman Open 2015"]
[Site "Ghent BEL"]
[Date "2015.07.19"]
[Round "3.3"]
[White "Michiels, Bart"]
[Black "Verbaken, Onno"]
[Result "1/2-1/2"]
[WhiteTitle "GM"]
[WhiteElo "2533"]
[BlackElo "2082"]
[WhiteFideId "202967"]
[BlackFideId "1026925"]
[EventDate "2015.07.18"]

1. d4 b5 2. e4 Bb7 3. Bd3 e6 4. Nf3 c5 5. c3 c4 6. Bc2 Nf6 7. Nbd2 Qc7 8. O-O d6
9. a4 a6 10. Re1 Nbd7 11. Nf1 Be7 12. axb5 axb5 13. Rxa8+ Bxa8 14. Ng3 h5 15.
Bg5 Ng8 16. h4 Bxg5 17. Nxg5 Ngf6 18. Qe2 e5 19. Ra1 Bb7 20. b3 g6 21. bxc4 bxc4
22. Ra4 Nb6 23. Rb4 O-O 24. dxe5 dxe5 25. Qe3 Nfd7 26. Bd1 Qd6 27. Be2 Ba6 28.
Nf1 f6 29. Nf3 Kg7 30. N3d2 Rc8 31. Ng3 Rc6 32. Bxh5 Qd3 33. Be2 Qxe3 34. fxe3
Rc5 35. h5 Bb5 36. hxg6 Kxg6 37. Bh5+ Kg7 38. Nf5+ Kf8 39. Nd6 Bc6 40. N6xc4
Nxc4 41. Rxc4 Rxc4 42. Nxc4 Bxe4 43. Bf3 Bd3 44. Nb2 Ba6 45. Kf2 Ke7 46. Ke1 Nc5
47. Kd2 e4 48. Bd1 Ke6 49. c4 Ke5 50. Kc3 f5 51. g3 Bc8 52. Be2 Bd7 53. Kb4 Kd6
54. Bh5 Na6+ 55. Kc3 Kc5 56. Bd1 Nb4 57. Ba4 Be6 58. Bb5 Na2+ 59. Kd2 Kb4 60.
Nd1 Bxc4 61. Bd7 Bb3 62. Bxf5 Bxd1 63. Kxd1 Kc4 64. Kd2 Kd5 65. Bh7 Nb4 66. g4
Ke5 67. g5 Nd5 68. Ke2 Ne7 69. Kf2 Nd5 70. Bg8 Ne7 71. Bf7 Kf5 72. g6 Nxg6 73.
Bxg6+ Kxg6 74. Kg3 Kg5 75. Kh3 Kh5 76. Kg3 Kg5 77. Kh3 Kh5 1/2-1/2

[Event "38th Eastman Open 2015"]
[Site "Ghent BEL"]
[Date "2015.07.19"]
[Round "3.4"]
[White "Vandelacluze, Ian"]
[Black "Dgebuadze, Alexandre"]
[Result "1/2-1/2"]
[BlackTitle "GM"]
[WhiteElo "2069"]
[BlackElo "2490"]
[WhiteFideId "222755"]
[BlackFideId "203882"]
[EventDate "2015.07.18"]

1. d4 d5 2. Nf3 c6 3. Bf4 Qb6 4. Qc1 Nf6 5. h3 Bf5 6. e3 e6 7. Nbd2 Na6 8. c3
Be7 9. Be2 c5 10. O-O O-O 11. Ne5 cxd4 12. exd4 Bd6 13. Nb3 Bxe5 14. Bxe5 Nd7
15. Bg3 Rac8 16. Qd2 Nc7 17. Nc1 Ne8 18. Bd3 Bxd3 19. Nxd3 Ndf6 20. Qe2 Nd6 21.
Bxd6 Qxd6 22. Rfe1 Rfe8 23. Ne5 a6 24. Qf3 b5 25. Nd3 Ne4 26. Qe3 Qb6 27. Qf4 a5
28. a3 Re7 29. Re2 Qd8 30. g3 Rb7 31. Kg2 Qf6 32. Qxf6 gxf6 33. f3 Nd6 34. Kf2
Kg7 35. Ree1 Nc4 36. Re2 Kf8 37. Rc2 Nb6 38. Re2 Re7 39. Kf1 Rec7 40. Kf2 Re7
41. Kf1 Rec7 42. Kf2 Re7 1/2-1/2

[Event "38th Eastman Open 2015"]
[Site "Ghent BEL"]
[Date "2015.07.19"]
[Round "3.5"]
[White "Pap, Misa"]
[Black "Robert, Pierre"]
[Result "1-0"]
[WhiteTitle "GM"]
[WhiteElo "2486"]
[BlackElo "2106"]
[WhiteFideId "921610"]
[BlackFideId "204781"]
[EventDate "2015.07.18"]

1. e4 e5 2. Nf3 Nc6 3. Bb5 a6 4. Ba4 Nf6 5. d3 b5 6. Bb3 Be7 7. Nc3 d6 8. a4 b4
9. Nd5 Nxd5 10. Bxd5 Bd7 11. d4 O-O 12. dxe5 dxe5 13. Be3 Bf6 14. Qd3 b3 15.
Bxb3 Bg4 16. Qxd8 Raxd8 17. Nd2 Nd4 18. f3 Nxb3 19. Nxb3 Bc8 20. Ke2 g6 21. Rhd1
Rxd1 22. Rxd1 Rd8 23. Rd3 Rxd3 24. Kxd3 Kf8 25. Kc4 Ke8 26. Kb4 Be7+ 27. Kc3 f5
28. Nd2 Bb7 29. Kd3 Kd7 30. Nc4 Ke6 31. Bd2 Bf6 32. Bb4 Kd7 33. Ne3 Ke6 34. Ba5
fxe4+ 35. fxe4 Bd8 36. c4 Bc6 37. b3 Kd7 38. Nd5 Bb7 39. Bc3 Ke6 40. b4 Ba8 41.
Ne3 Bb7 42. Ng4 Bf6 43. b5 h5 44. Nf2 Be7 45. Bd2 Bc5 46. Be3 Bb4 47. Ba7 c6 48.
bxa6 Bxa6 49. Bb6 Kd6 50. Nh3 Bc5 51. Bd8 Ke6 52. Ng5+ Kd7 53. Bf6 Bd4 54. Nf3
Ke6 55. Nxd4+ Kxf6 56. Nxc6 Ke6 57. h4 Kd6 58. Nb4 Bc8 59. Ke3 Kc5 60. Nd3+ Kxc4
61. Nxe5+ 1-0

[Event "38th Eastman Open 2015"]
[Site "Ghent BEL"]
[Date "2015.07.19"]
[Round "3.6"]
[White "Sterck, Arno"]
[Black "Docx, Stefan"]
[Result "0-1"]
[BlackTitle "IM"]
[WhiteElo "2103"]
[BlackElo "2417"]
[WhiteFideId "228249"]
[BlackFideId "200778"]
[EventDate "2015.07.18"]

1. e4 c5 2. Nf3 Nc6 3. d4 cxd4 4. Nxd4 Nf6 5. Nc3 e5 6. Ndb5 h6 7. Nd6+ Bxd6 8.
Qxd6 Qe7 9. Qd1 d6 10. Be2 Be6 11. Be3 O-O 12. Qd2 Rfd8 13. Rd1 d5 14. exd5 Nxd5
15. O-O Rac8 16. Nxd5 Bxd5 17. Qc1 Nd4 18. Bd3 Rxc2 19. Qb1 Rcc8 20. Rfe1 Nc6
21. Bf5 Be6 22. Be4 Rxd1 23. Rxd1 Nd4 24. Bxd4 exd4 25. Rxd4 Bxa2 26. Qd1 Be6
27. h3 b6 28. b4 Qg5 29. Qd3 g6 30. b5 Rc1+ 0-1

[Event "38th Eastman Open 2015"]
[Site "Ghent BEL"]
[Date "2015.07.19"]
[Round "3.7"]
[White "Gavrilov, Alexei1"]
[Black "Blom, Yeb"]
[Result "1-0"]
[WhiteTitle "GM"]
[WhiteElo "2411"]
[BlackElo "2103"]
[WhiteFideId "4104358"]
[BlackFideId "1024590"]
[EventDate "2015.07.18"]

1. d4 g6 2. e4 Bg7 3. Nf3 d6 4. Nc3 Nd7 5. Bc4 h6 6. O-O Nb6 7. Bb3 Bg4 8. h3
Bxf3 9. Qxf3 e6 10. Rd1 Ne7 11. a4 a5 12. Be3 Nd7 13. Ne2 O-O 14. g4 c6 15. Ng3
d5 16. c3 Qb6 17. Ra3 dxe4 18. Nxe4 Nd5 19. Bc1 Qd8 20. Bc2 b5 21. axb5 cxb5 22.
Ra1 Qe7 23. Kg2 Rfc8 24. Bd3 Rcb8 25. Re1 a4 26. Bd2 Qf8 27. Qe2 b4 28. c4 Nc7
29. Bf4 Rb7 30. Bd6 Qd8 31. Qf3 Bxd4 32. Ng5 Nf6 33. Qxb7 Qxd6 34. Ne4 Nxe4 35.
Bxe4 Bxb2 36. Rad1 Qc5 37. Rd7 Ra7 38. Qc8+ Kg7 39. Bxg6 Ra8 40. Qb7 Kxg6 41.
Rxc7 Qf8 42. h4 a3 43. Rxe6+ Kg7 44. Ree7 a2 45. Rxf7+ Kg8 46. Qd5 a1=Q 47. Rg7+
Kh8 48. Rh7# 1-0

[Event "38th Eastman Open 2015"]
[Site "Ghent BEL"]
[Date "2015.07.19"]
[Round "3.8"]
[White "Van Melkebeke, Willem"]
[Black "Sarrau, Jelle"]
[Result "1/2-1/2"]
[BlackTitle "FM"]
[WhiteElo "2088"]
[BlackElo "2359"]
[WhiteFideId "210129"]
[BlackFideId "207608"]
[EventDate "2015.07.18"]

1. e4 c5 2. Nf3 d6 3. d4 cxd4 4. Nxd4 Nf6 5. Nc3 a6 6. h3 e6 7. g4 b5 8. Bg2 Bb7
9. O-O Nfd7 10. f4 Be7 11. f5 e5 12. f6 exd4 13. fxe7 Qb6 14. Nd5 Bxd5 15. exd5
Ne5 16. Kh1 Nbd7 17. Rf4 Rc8 18. Rxd4 Qc7 1/2-1/2

[Event "38th Eastman Open 2015"]
[Site "Ghent BEL"]
[Date "2015.07.19"]
[Round "3.9"]
[White "Verstraeten, Rein"]
[Black "Lindam, Ingo"]
[Result "1/2-1/2"]
[WhiteTitle "FM"]
[WhiteElo "2312"]
[BlackElo "2053"]
[WhiteFideId "223654"]
[BlackFideId "24699756"]
[EventDate "2015.07.18"]

1. d4 Nf6 2. c4 g6 3. Nf3 Bg7 4. g3 d6 5. Bg2 O-O 6. O-O Nbd7 7. Nc3 e5 8. Re1
exd4 9. Nxd4 Re8 10. b3 a6 11. Bb2 Nc5 12. Qc2 Rb8 13. Rad1 Bd7 14. a4 Ng4 15.
e4 Ne5 16. Nd5 c6 17. Ne3 Ned3 18. Rxd3 Nxd3 19. Qxd3 c5 20. Nd5 cxd4 21. Bxd4
Be6 22. Bxg7 Kxg7 23. Qc3+ 1/2-1/2

[Event "38th Eastman Open 2015"]
[Site "Ghent BEL"]
[Date "2015.07.19"]
[Round "3.10"]
[White "Cordts, Ingo"]
[Black "Boog, Ben"]
[Result "1-0"]
[WhiteTitle "FM"]
[WhiteElo "2284"]
[BlackElo "2075"]
[WhiteFideId "4662687"]
[BlackFideId "1008528"]
[EventDate "2015.07.18"]

1. Nf3 d5 2. d4 c6 3. c4 e6 4. Qc2 f5 5. g3 Nf6 6. Bg2 Bd6 7. O-O O-O 8. Nc3 Ne4
9. Rb1 Qe7 10. b4 Nxc3 11. Qxc3 b5 12. cxb5 cxb5 13. Bf4 Bxf4 14. gxf4 Bb7 15.
Qc5 Qe8 16. Qc7 Qd7 17. Qa5 a6 18. Ne5 Qd6 19. Rfc1 Rc8 20. Rxc8+ Bxc8 21. Rc1
Nd7 22. Rc6 Qe7 23. Rxe6 1-0

[Event "38th Eastman Open 2015"]
[Site "Ghent BEL"]
[Date "2015.07.19"]
[Round "3.11"]
[White "De Wolf, Johan"]
[Black "Huhndorf, Arnold"]
[Result "0-1"]
[BlackTitle "FM"]
[WhiteElo "2088"]
[BlackElo "2262"]
[WhiteFideId "1004131"]
[BlackFideId "4665031"]
[EventDate "2015.07.18"]

1. d4 Nf6 2. Nf3 g6 3. e3 Bg7 4. Bd3 O-O 5. O-O c5 6. c3 d5 7. Nbd2 Nbd7 8. b4
Qc7 9. Bb2 c4 10. Be2 e5 11. e4 Nxe4 12. Nxe4 dxe4 13. Nd2 exd4 14. cxd4 Nf6 15.
Nxc4 Ng4 16. g3 h5 17. Rc1 Qe7 18. f3 exf3 19. Bxf3 Rd8 20. Qe1 Qg5 21. h4 Qb5
22. Qe7 Be6 23. a4 Qd7 24. Qxd7 Rxd7 25. Na5 Rb8 26. d5 Bxb2 27. dxe6 Rd2 28.
exf7+ Kf8 29. Bxg4 Bxc1 30. Bf3 Rd3 31. Kg2 Ba3 32. Rb1 Rc8 33. Be4 Rd2+ 34. Kf3
Kxf7 35. Rb3 Bb2 36. Nxb7 Rc3+ 37. Rxc3 Bxc3 38. b5 Kf6 39. Ke3 Ra2 40. Nc5 Be1
41. Kf4 Ra3 42. Bd3 Kg7 43. Ne6+ Kh6 44. Ke3 Bxg3 45. a5 Rxa5 46. Nf8 Ra3 47.
Kd4 Bd6 48. Ne6 Be7 49. Nf4 Ra4+ 50. Bc4 Bxh4 0-1

[Event "38th Eastman Open 2015"]
[Site "Ghent BEL"]
[Date "2015.07.19"]
[Round "3.12"]
[White "Offringa, Joost"]
[Black "Van Veelen, Jouke"]
[Result "1-0"]
[WhiteElo "2224"]
[BlackElo "1985"]
[WhiteFideId "1025880"]
[BlackFideId "1021958"]
[EventDate "2015.07.18"]

1. c4 e5 2. g3 f5 3. d4 exd4 4. Nf3 Bb4+ 5. Nbd2 c5 6. Bg2 Nf6 7. O-O O-O 8. Nb3
d6 9. e3 dxe3 10. Bxe3 Nc6 11. Qd3 Ne4 12. a3 Ba5 13. Nxa5 Nxa5 14. Nd2 Nxd2 15.
Bxd2 Nc6 16. Rfe1 Nd4 17. Bc3 Qf6 18. Rad1 f4 19. Bxd4 cxd4 20. Bd5+ Kh8 21.
Qxd4 fxg3 22. hxg3 Bd7 23. Qxf6 Rxf6 24. Re7 Bc6 25. Bxc6 bxc6 26. Rd7 Raf8 27.
Rd2 d5 28. cxd5 cxd5 29. R7xd5 h6 30. Rd7 a6 31. Ra7 h5 32. Kg2 Kh7 33. b4 Kh6
34. Rad7 g6 35. R7d6 Kg5 36. f4+ Kh6 37. Kh3 g5 38. fxg5+ Kxg5 39. R2d5+ Kg6 40.
Kh4 1-0

[Event "38th Eastman Open 2015"]
[Site "Ghent BEL"]
[Date "2015.07.19"]
[Round "3.13"]
[White "Stone, Andrew M"]
[Black "Leemans, Huub"]
[Result "1-0"]
[WhiteElo "2209"]
[BlackElo "1960"]
[WhiteFideId "404985"]
[BlackFideId "1018426"]
[EventDate "2015.07.18"]

1. c4 e5 2. g3 Nc6 3. Bg2 f5 4. d3 Nf6 5. Nc3 d6 6. e4 Be7 7. Nge2 O-O 8. O-O
Qe8 9. Nd5 Bd8 10. exf5 Bxf5 11. Ne3 Bd7 12. h3 Rb8 13. g4 Nd4 14. Ng3 Bc6 15.
f4 exf4 16. Rxf4 Bxg2 17. Nxg2 c5 18. Be3 Nd7 19. Rxf8+ Nxf8 20. Bxd4 cxd4 21.
Qf3 Bf6 22. Rf1 Qd7 23. Ne4 Be5 24. Ng5 h6 25. Qd5+ Kh8 26. Nh4 Bf6 27. Nf7+ Kh7
28. Qe4+ Kg8 29. Nxh6+ Kh8 30. Ng6+ Nxg6 31. Qxg6 Qe7 32. Nf5 Qe8 33. Qxe8+ Rxe8
34. Nxd6 Re3 35. g5 Bxg5 36. Nf7+ Kg8 37. Nxg5 Rg3+ 38. Kh2 Rxg5 39. Rf4 Re5 40.
b4 Re2+ 41. Kg3 Re3+ 42. Rf3 Re2 43. Kf4 Kf7 44. a4 Ke6 45. Rg3 Kf6 46. Kf3 Re6
47. Kf2 g5 48. Rg4 Rd6 49. Kf3 Kf5 50. h4 gxh4 51. Rxh4 Rd7 52. Rh5+ Kg6 53. Rd5
Rxd5 54. cxd5 Kf5 55. d6 Ke6 56. Ke4 Kxd6 57. Kxd4 1-0

[Event "38th Eastman Open 2015"]
[Site "Ghent BEL"]
[Date "2015.07.19"]
[Round "3.14"]
[White "Stam, Hans"]
[Black "Hekhuis, Jeroen"]
[Result "0-1"]
[WhiteElo "2016"]
[BlackElo "2107"]
[WhiteFideId "1043838"]
[BlackFideId "1011669"]
[EventDate "2015.07.18"]

1. e4 c5 2. Nf3 d6 3. d4 cxd4 4. Nxd4 Nf6 5. Nc3 g6 6. Be3 Bg7 7. f3 O-O 8. Qd2
Nc6 9. Bc4 Bd7 10. O-O-O Ne5 11. Bb3 Qa5 12. h4 Rfc8 13. h5 Nxh5 14. g4 Nf6 15.
Bh6 Bxh6 16. Rxh6 Rxc3 17. Qxc3 Qxc3 18. bxc3 Rc8 19. Kb2 b5 20. Rdh1 a5 21. a3
Kg7 22. R6h4 a4 23. Ba2 e6 24. g5 Nh5 25. f4 Nc4+ 26. Bxc4 Rxc4 27. f5 e5 28.
Ne2 Kg8 29. Rd1 Rc6 30. Rh3 Kf8 31. c4 bxc4 32. Nc3 Rb6+ 33. Kc1 Nf4 34. Rxh7
gxf5 35. Rh8+ Ke7 36. exf5 Bxf5 37. Nxa4 Ra6 38. Nc3 Rxa3 39. Kb2 Ra5 40. Rb8 d5
41. Rb6 d4 42. Nb5 c3+ 43. Kb3 Nd5 44. Rb7+ Kf8 45. Nd6 Bxc2+ 46. Kxc2 Ne3+ 47.
Kd3 Nxd1 48. Rxf7+ Kg8 49. g6 Ra6 50. Rd7 Ne3 51. Nf7 Ng4 52. Re7 Rc6 0-1

[Event "38th Eastman Open 2015"]
[Site "Ghent BEL"]
[Date "2015.07.19"]
[Round "3.15"]
[White "Schalkx, Johnny"]
[Black "Scheermeijer, Robert"]
[Result "1-0"]
[WhiteElo "2130"]
[BlackElo "1879"]
[WhiteFideId "201529"]
[BlackFideId "1033581"]
[EventDate "2015.07.18"]

1. e4 c5 2. Nf3 Nc6 3. Bb5 d6 4. O-O Bd7 5. Re1 e6 6. c3 a6 7. Bf1 Be7 8. d4 e5
9. dxc5 dxc5 10. Nbd2 b5 11. a4 Rb8 12. axb5 axb5 13. Nb1 Nf6 14. Na3 b4 15. Nc4
bxc3 16. bxc3 O-O 17. Nfxe5 Nxe5 18. Nxe5 Qc7 19. Bf4 Bd6 20. Nxd7 Bxf4 21.
Nxf6+ gxf6 22. g3 Be5 23. Ra3 Rb2 24. Qh5 c4 25. Rea1 Qc5 26. Qg4+ Kh8 27. Qf5
Rb3 28. Ra5 Rb5 29. Ra8 Rfb8 30. Rxb8+ Rxb8 31. Ra4 Qc8 32. Qh5 Qd7 33. Rxc4 Rb3
34. Bh3 Rb1+ 35. Kg2 Qd1 36. Qxd1 Rxd1 37. f4 Bd6 38. Rd4 Rxd4 39. cxd4 Kg7 40.
Kf3 h5 41. Bf1 Ba3 42. h4 Bb4 43. Be2 Bd2 44. d5 Bb4 45. Kf2 Kg6 46. Bd3 Kg7 47.
Kf3 Be1 48. Kg2 Bb4 49. Kf3 Bc3 50. g4 hxg4+ 51. Kxg4 Kf8 52. Kf5 Kg7 53. Bc4
Ba5 54. h5 Bd8 55. d6 Kf8 56. h6 Kg8 57. h7+ Kxh7 58. Bxf7 Kg7 59. Ke6 Kf8 60.
Bh5 Kg7 61. Kd7 Ba5 62. Ke8 1-0

[Event "38th Eastman Open 2015"]
[Site "Ghent BEL"]
[Date "2015.07.19"]
[Round "3.16"]
[White "Kegels, Pascal"]
[Black "Moens, Patrick"]
[Result "1/2-1/2"]
[WhiteElo "2135"]
[BlackElo "1922"]
[WhiteFideId "201383"]
[BlackFideId "263400"]
[EventDate "2015.07.18"]

1. d4 f5 2. g3 Nf6 3. Bg2 g6 4. c4 Bg7 5. Nc3 c6 6. Nh3 O-O 7. O-O d6 8. d5 e5
9. dxe6 Bxe6 10. Qd3 Na6 11. Ng5 Qe7 12. Bf4 Rfd8 13. Rad1 Nh5 14. Nxe6 Qxe6 15.
Bg5 Bf6 16. Bxf6 Nxf6 17. e3 Nc7 18. b4 Ng4 19. b5 Ne5 20. Qe2 Qxc4 21. Qxc4+
Nxc4 22. bxc6 bxc6 23. Bxc6 Rab8 24. Rd4 Ne5 25. Bg2 Kf8 26. Ra4 a6 27. Ne2 Rb6
28. Rc1 Ne6 29. Nf4 Nxf4 30. gxf4 Nd3 31. Rf1 Nc5 32. Rd4 Ke7 33. Rfd1 Rdb8 34.
Bd5 1/2-1/2

[Event "38th Eastman Open 2015"]
[Site "Ghent BEL"]
[Date "2015.07.19"]
[Round "4.1"]
[White "Huhndorf, Arnold"]
[Black "Feller, Sebastien"]
[Result "0-1"]
[WhiteTitle "FM"]
[BlackTitle "GM"]
[WhiteElo "2262"]
[BlackElo "2622"]
[WhiteFideId "4665031"]
[BlackFideId "634654"]
[EventDate "2015.07.18"]

1. d4 Nf6 2. c4 b6 3. Nf3 Bb7 4. g3 g6 5. Bg2 Bg7 6. O-O O-O 7. Nc3 Ne4 8. Bd2
Nxd2 9. Qxd2 e6 10. e4 d6 11. d5 e5 12. b4 Nd7 13. Ne1 a5 14. Nd3 axb4 15. Nxb4
Nc5 16. Nd3 Nxd3 17. Qxd3 f5 18. a4 Bc8 19. Rfb1 Bd7 20. a5 bxa5 21. c5 f4 22.
c6 Bc8 23. Qb5 fxg3 24. hxg3 Qf6 25. Rb2 Qg5 26. Nd1 Bh6 27. Rba2 Bg4 28. Ne3
Bf3 29. Qb7 Qd8 30. Bxf3 Bxe3 31. fxe3 Rxf3 32. Rxa5 Rxa5 33. Rxa5 Qg5 34. Qc8+
Kg7 35. Qd7+ Rf7 0-1

[Event "38th Eastman Open 2015"]
[Site "Ghent BEL"]
[Date "2015.07.19"]
[Round "4.2"]
[White "Sumets, Andrey"]
[Black "Offringa, Joost"]
[Result "1-0"]
[WhiteTitle "GM"]
[WhiteElo "2598"]
[BlackElo "2224"]
[WhiteFideId "14105500"]
[BlackFideId "1025880"]
[EventDate "2015.07.18"]

1. d4 f5 2. g3 Nf6 3. Bg2 g6 4. c4 Bg7 5. Nh3 Nc6 6. O-O O-O 7. Nf4 d6 8. d5 Ne5
9. Na3 c6 10. dxc6 bxc6 11. Nc2 Bd7 12. b3 Ne4 13. f3 Nc5 14. Be3 Ne6 15. Nxe6
Bxe6 16. Qd2 Qc7 17. Bh6 Bxh6 18. Qxh6 a5 19. Qd2 Ra6 20. Nd4 Bf7 21. Rae1 a4
22. e4 axb3 23. axb3 e6 24. f4 Ng4 25. h3 Nf6 26. e5 Nd7 27. exd6 Qxd6 28. Rd1
Qc5 29. Rf2 Nf6 30. b4 Qb6 31. c5 Qc7 32. Qe2 Qc8 33. Qb2 e5 34. fxe5 Ra2 35.
Nxc6 Kh8 36. Qd4 Rxf2 37. Kxf2 1-0

[Event "38th Eastman Open 2015"]
[Site "Ghent BEL"]
[Date "2015.07.19"]
[Round "4.3"]
[White "Hekhuis, Jeroen"]
[Black "Pap, Misa"]
[Result "0-1"]
[BlackTitle "GM"]
[WhiteElo "2107"]
[BlackElo "2486"]
[WhiteFideId "1011669"]
[BlackFideId "921610"]
[EventDate "2015.07.18"]

1. d4 Nf6 2. g3 c5 3. c3 d5 4. Bg2 e6 5. Nf3 Nc6 6. O-O Be7 7. Nbd2 O-O 8. b3
Qb6 9. Bb2 Bd7 10. e3 Rfd8 11. dxc5 Bxc5 12. c4 Be7 13. cxd5 Nxd5 14. Nc4 Qa6
15. Qb1 Be8 16. Rd1 b5 17. Nce5 Nxe5 18. Nxe5 f6 19. Nd3 Bh5 20. Re1 Bg6 21. e4
Nb4 22. Nf4 Rac8 23. Rc1 Rd2 24. Nxg6 hxg6 25. Rd1 Rxd1+ 26. Qxd1 Rc2 27. Bd4
Rxa2 28. Rc1 Qd6 29. Rc8+ Kf7 30. e5 Qd7 31. Rc1 a5 32. h4 f5 33. h5 g5 34. h6
gxh6 35. Qh5+ Kg7 36. Bb6 Rc2 37. Rd1 Qc8 38. Bb7 Qxb7 39. Qe8 Rc8 0-1

[Event "38th Eastman Open 2015"]
[Site "Ghent BEL"]
[Date "2015.07.19"]
[Round "4.4"]
[White "Docx, Stefan"]
[Black "Stone, Andrew M"]
[Result "1-0"]
[WhiteTitle "IM"]
[WhiteElo "2417"]
[BlackElo "2209"]
[WhiteFideId "200778"]
[BlackFideId "404985"]
[EventDate "2015.07.18"]

1. d4 Nf6 2. c4 e6 3. Nc3 Bb4 4. e3 O-O 5. Ne2 d5 6. a3 Bd6 7. Ng3 c6 8. e4 Nxe4
9. Ncxe4 dxe4 10. Nxe4 Be7 11. Be2 f5 12. Nc3 Bf6 13. Be3 f4 14. Bxf4 Bxd4 15.
Bg3 e5 16. O-O Be6 17. Bd3 Nd7 18. Qc2 h6 19. Ne2 Bb6 20. Rad1 Qe7 21. b4 Bg4
22. c5 Bxe2 23. Bxe2 Bc7 24. Bh4 Nf6 25. Bc4+ Kh8 26. Rfe1 Rae8 27. Qg6 e4 28.
f3 Qe5 29. Bg3 Qc3 30. Bxc7 Qxc4 31. Bd6 Rg8 32. f4 Nd7 33. Qf5 Qe6 34. Qxe6
Rxe6 35. Rd4 Nf6 36. Be5 Rge8 37. h3 h5 38. Kf2 h4 39. Red1 Kh7 40. Rd6 Nd5 41.
b5 g5 42. Rd7+ R6e7 43. bxc6 bxc6 44. Rxe7+ Rxe7 45. Bd6 Rf7 46. Rxd5 cxd5 47.
c6 Rg7 48. f5 Rg8 1-0

[Event "38th Eastman Open 2015"]
[Site "Ghent BEL"]
[Date "2015.07.19"]
[Round "4.5"]
[White "Eerens, Pim"]
[Black "Gavrilov, Alexei1"]
[Result "0-1"]
[BlackTitle "GM"]
[WhiteElo "2134"]
[BlackElo "2411"]
[WhiteFideId "1011804"]
[BlackFideId "4104358"]
[EventDate "2015.07.18"]

1. d4 Nf6 2. Nd2 d5 3. e3 c5 4. Ngf3 cxd4 5. exd4 Nc6 6. c3 Qc7 7. Bd3 Bg4 8. h3
Bh5 9. O-O e6 10. Re1 Bd6 11. Qc2 Rc8 12. a3 O-O 13. g4 Bg6 14. Bxg6 hxg6 15.
Qd3 Rfe8 16. Kg2 a6 17. a4 Rb8 18. b4 Rbc8 19. Bb2 Bf4 20. Nb3 a5 21. b5 Nb8 22.
Ne5 Nbd7 23. Nxd7 Nxd7 24. Nd2 Bxd2 25. Qxd2 Nb6 26. Qc2 Qc4 27. Qd1 Nd7 28. Re3
e5 29. dxe5 Rxe5 30. Bc1 f6 31. Rxe5 Nxe5 32. Qd4 Qxd4 33. cxd4 Nd3 34. Bd2 b6
35. Ra3 Nb2 36. Rc3 Rc4 37. Rxc4 dxc4 38. Bxa5 Nxa4 39. Bb4 c3 40. Kf3 c2 41.
Ba3 Nc3 42. Ke3 Nxb5 43. Bb2 Nc3 44. Kd3 Nd1 0-1

[Event "38th Eastman Open 2015"]
[Site "Ghent BEL"]
[Date "2015.07.19"]
[Round "4.6"]
[White "Van den Dikkenberg, Erik"]
[Black "Cordts, Ingo"]
[Result "1/2-1/2"]
[WhiteTitle "FM"]
[BlackTitle "FM"]
[WhiteElo "2133"]
[BlackElo "2284"]
[WhiteFideId "1005880"]
[BlackFideId "4662687"]
[EventDate "2015.07.18"]

1. e4 e5 2. Bc4 Nf6 3. d3 Nc6 4. Nf3 Bc5 5. O-O d6 6. c3 a6 7. b4 Ba7 8. Bg5 h6
9. Be3 Be6 10. Bxe6 fxe6 11. Bxa7 Rxa7 12. Nbd2 O-O 13. Qb3 Qe7 14. Rae1 g5 15.
Nc4 Nh5 16. Ne3 Nf4 17. Nf5 Qf6 18. Re3 d5 19. Ng3 g4 20. Nd2 d4 21. cxd4 Nxd4
22. Qd1 Qg5 23. Nb3 Nc6 24. a3 Ne7 25. Qc2 Neg6 26. Ne2 Nh4 27. Rg3 Nh5 28. Qc4
Nxg3 29. Qxe6+ Kh8 30. hxg3 Ng6 31. d4 Raa8 32. dxe5 Rae8 33. Qc4 Qxe5 34. Nc5
b5 35. Qc1 Qg5 36. Qc3+ Qe5 37. Qc1 Qg5 38. Qc3+ Qe5 1/2-1/2

[Event "38th Eastman Open 2015"]
[Site "Ghent BEL"]
[Date "2015.07.19"]
[Round "4.7"]
[White "Dgebuadze, Alexandre"]
[Black "Schalkx, Johnny"]
[Result "1-0"]
[WhiteTitle "GM"]
[WhiteElo "2490"]
[BlackElo "2130"]
[WhiteFideId "203882"]
[BlackFideId "201529"]
[EventDate "2015.07.18"]

1. e4 c6 2. c4 e5 3. Nf3 Qa5 4. Nc3 Nf6 5. Be2 d5 6. cxd5 cxd5 7. Qb3 Nc6 8.
exd5 Nd4 9. Nxd4 exd4 10. Nb5 Qb6 11. O-O Bc5 12. Qc4 O-O 13. b4 Bd6 14. Bb2 Bg4
15. Bxd4 Bxe2 16. Qxe2 Qd8 17. Nxd6 Qxd6 18. Bc5 1-0

[Event "38th Eastman Open 2015"]
[Site "Ghent BEL"]
[Date "2015.07.19"]
[Round "4.8"]
[White "Michiels, Bart"]
[Black "Stuer, Marc"]
[Result "1-0"]
[WhiteTitle "GM"]
[WhiteElo "2533"]
[BlackElo "2090"]
[WhiteFideId "202967"]
[BlackFideId "203700"]
[EventDate "2015.07.18"]

1. d4 f5 2. g3 Nf6 3. Bg2 e6 4. c4 d5 5. Nf3 c6 6. O-O Bd6 7. Nc3 O-O 8. Qc2 Ne4
9. Rb1 a5 10. c5 Bc7 11. Bf4 Bxf4 12. gxf4 b6 13. cxb6 Qxb6 14. Na4 Qc7 15. Ne5
Na6 16. a3 Rb8 17. Rfc1 Bb7 18. e3 Rfc8 19. Bf1 Nd6 20. Bxa6 Bxa6 21. Nc5 Qa7
22. Nxe6 Nc4 23. Nxc4 Bxc4 24. b3 Ba6 25. Nc5 g6 26. Qd2 Rb5 27. Rc3 Rcb8 28.
Qc2 Bc8 29. Nd3 Bd7 30. Rc5 Qb7 31. a4 Rxb3 32. Rxb3 Qxb3 33. Qxb3 Rxb3 34. Ne5
Be8 35. Rxa5 Rb8 36. Ra7 c5 37. dxc5 Rc8 38. Kg2 Bc6 39. Kg3 1-0